Statistics for Taylor Swift - I Can Fix Him (No Really I Can) (Lyrics)

Click here to take the quiz!

General Stats

  • This quiz has been taken 15 times
  • The average score is 192 of 226

Answer Stats

Answer% Correct
a
100%
A
100%
can
100%
can't
100%
'em
100%
fix
100%
"God,
100%
he
100%
He
100%
help
100%
her"
100%
he's
100%
him,
100%
His
100%
his
100%
I
100%
man
100%
maybe
100%
my
100%
no,
100%
No
100%
really,
100%
tell
100%
that
100%
that's
100%
The
100%
the
100%
They
100%
all
86%
an
86%
And
86%
and
86%
angel
86%
boy,
86%
But
86%
Come
86%
dangerous
86%
doesn't
86%
finger
86%
from
86%
Good
86%
good
86%
had
86%
handle
86%
heads
86%
Heaven
86%
I'll
86%
it
86%
jokes
86%
lord
86%
me,
86%
me
86%
need
86%
night
86%
of
86%
on
86%
only
86%
right
86%
saying,
86%
shake
86%
shook
86%
show
86%
smoke
86%
their
86%
them
86%
to
86%
told
86%
were
86%
when
86%
Woah,
86%
you
86%
your
86%
away
71%
bar
71%
be
71%
billows
71%
close
71%
cloud
71%
could
71%
didn't
71%
dopamine
71%
face
71%
hadn't
71%
halo
71%
highest
71%
if
71%
lift
71%
mile
71%
out
71%
see
71%
set
71%
so
71%
too
71%
Trust
71%
you'll
71%
across
57%
case
57%
far
57%
for
57%
grade
57%
hands,
57%
highway
57%
just
57%
lane
57%
loud
57%
met
57%
mouth
57%
perfect
57%
revolting
57%
six-
57%
skill
57%
small
57%
Texas
57%
through
57%
town
57%
yet
57%
brain
43%
certain
43%
freight
43%
hearts
43%
like
43%
pistol
43%
races
43%
softly
43%
traces
43%
train
43%
callused
14%

Score Distribution

Percentile by Number Answered

Percent of People with Each Score

Your Score History

You have not taken this quiz